Historia de la aeronáutica /

Збережено в:
Бібліографічні деталі
Автор: Canby, Courtland (autor)
Формат: Книга
Мова:Іспанська
Опубліковано: Madrid, España : Continente, 1965, c1965
Предмети:
Теги: Додати тег
Немає тегів, Будьте першим, хто поставить тег для цього запису!

MARC

LEADER 00000nam^a2200000^a^4500
001 000124572
005 20250521000000.0
009 20260310094618.405
037 |a Acervo ITESO - Biblioteca 
041 |a ESP 
082 |a 629. 1309  |b CAN 
100 |a Canby, Courtland  |e (autor) 
245 1 0 |a Historia de la aeronáutica /  |c C. Canby ; tr. por Florentino Pérez. 
264 4 |a Madrid, España :  |b Continente,  |c 1965, c1965 
300 |a 113 p. 
336 |a texto  |b txt  |2 rdacontenido 
337 |a sin mediación  |b n  |2 rdamedio 
338 |a volumen  |b nc  |2 rdasoporte 
649 |a XX 
650 |a Vuelo 
650 |a Aviones -  |x Historia 
650 |a Aeronáutica Comercial 
650 |a Comunicaciones y Tránsito 
650 |a Aeronáutica Militar 
650 |a Ingeniería Militar 
650 |a Aeronáutica -  |x Historia 
910 |a Fondo Salvador Reynoso Reynoso 
920 |a Impresos - Libros 
930 |a Fondos Especiales 
905 |a 112 
901 |a 0800007614  |b IT2  |c ESP  |u 20250521 
902 |a https://opac.biblio.iteso.mx/vufind/Record/000124572